000 01406nam a2200325 i 4500
003 EG-GICUC
005 20260121101531.0
008 251222m20051426su ||||fr|||| 00| 0 ara d
020 _a9660141292
040 _a EG-GICUC
_bara
_c EG-GICUC
_d EG-GICUC
_erda
041 0 _aara
082 0 4 _221
_a345.4410531
_bخ ا . ا
092 0 4 _221
099 _aLaw1 07 345.4410531 خ ا . ا 2005
100 0 _aخالد خليل الظاهر
_eمؤلف.
245 1 0 _aأحكام تأديب الموظفين فى المملكة العربية السعودية :
_bدراسة تحليلية /
_cخالد خليل الظاهر.
264 1 _aالرياض :
_bمعهد الإدارة العامة، مركز البحوث،
_c2005.
300 _a365 ؛ صفحة
_c24 سم.
336 _2rda content
_atext
337 _2rda media
_aComputer
338 _2rda carrier
_aOnline Resource
504 _aيحتوي على ارجاعات ببليوجرافية يحتوي على قائمة بالمراجع
546 _aالنص أغلبه باللغة العربية بعض النصوص الإنجليزية والفرنسية
650 1 4 _aتأديب العاملين المدنين بالدولة
_xالقانون الإداري
_2qrmak
650 1 4 _aتأديب الموظفين
651 1 _2qrmak
856 4 0 _uhttps://fll.law.cu.edu.eg/fulltext/bks/B07-01643.pdf
905 _a75
942 _2ddc
_cBK
_e21
_n0
999 _c52136
_d52136